NBA Players from Hawaii - Statistics

General Stats
  • This quiz has been taken 5 times
  • The average score is 4 of 7
Answer Stats
Position Player Draft Year % Correct
PG Anthony Carter 1998
80%
SG Reggie Carter 1979
80%
G Trevor Ruffin 1994
60%
SF Bob Nash 1972
40%
G Predrag Savović 2002
40%
C Tom Barker 1976
40%
SG Tom Henderson 1974
40%
No matching quizzes found
Score Distribution
Percent of People with Each Score
Percentile by Number Answered
Your Score History
You have not taken this quiz